000 00466nam a22001577a 4500
999 _c2775
_d2775
003 OSt
005 20210721061829.0
008 210721b ||||| |||| 00| 0 eng d
020 _a-
040 _cALUPE UNIVERSITY
050 _aHN590
_b.C36 2013
245 _aTHE SOCIAL CONTRACT
_bthe university of western ontario`s undergraduate political science academic journal
260 _aLondon
_buniversity of westrn ontario
_cc2013
300 _a167p
942 _2lcc
_cBK
_nDO